Normal view
MARC view
Entry Título uniforme
001 - NÚMERO DE CONTROL
- campo de control: 150950
003 - IDENTIFICADOR DEL NÚMERO DE CONTROL
- campo de control: OSt
005 - FECHA Y HORA DE LA ÚLTIMA TRANSACCIÓN
- campo de control: 20220127160309.0
008 - DATOS DE LONGITUD FIJA
- campo de control de longitud fija: 220127|| aca||aabn | a|a d
040 ## - FUENTE DE LA CATALOGACIÓN
- Centro catalogador/agencia de origen: OSt
- Centro/agencia transcriptor: OSt
130 ## - ENCABEZAMIENTO--TÍTULO UNIFORME
- Título uniforme: Refrigeracion \ 2. Equipos. i.t
670 ## - FUENTE DE DATOS ENCONTRADOS
- Cita de la fuente: Work cat.: (OSt)172076: American Society of Heating Refrigerating and Air Conditioning Engineers. 150948, Ashrae Handbook Refrigeration Systems and Aplications
